000 00883nam a2200253 i 4500
001 bgj
100 1 _aHEATH, Shirley Brice.
245 1 0 _aTeacher Talk :
_blanguage in the classroom /
_cShirley Brice Heath ; prepared by ERIC Clearinghouse on Languages and Linguistics.
260 _aArlington, Va :
_bCenter for Applied Linguistics,
_c1978.
300 _a26 pp ;
_c23 cm.
490 1 _aLanguage in Education: Theory and Practice ;
_v9
504 _aBibliography p. 25-26.
650 9 _aTeacher-student relationship
650 9 _aInteraction analysis in education
650 9 _aTeachers
_xLanguage
710 p 0 _aERIC Clearinghouse on Language and Linguistics
830 _aLanguage in Education: Theory and Practice ;
020 _a0872810836
040 _cBPK
041 0 _aeng
920 _a0-87281-083-6
942 _cKS
008 s uk f |000 0 eng
999 _c47633
_d47633
856 _uhttp://koha.tu.koszalin.pl/cgi-bin/koha/opac-detail.pl?biblionumber=47633
_yKatalog online BPK